Szczegóły MARC21

Military dictionary English-Polish, Polish-English /

003 -Nazwa inst., której nr kontr. jest w polu 001 [,]
    • @
    • Nazwa instytucji, której n kontrolny jest w polu 001
    • NUKAT
005 -DATA I CZAS OSTATNIEJ MODYFIKACJI [,]
    • @
    • pole kontrolne
    • 20241231105111.0
020 -Międzynarod. znormalizowany nr książki - ISBN [ , ]
    • a
    • Numer ISBN
    • 8386773065 Find
    • q
    • Dopowiedzenie
    • Harald G. Dictionaries
020 -Międzynarod. znormalizowany nr książki - ISBN [ , ]
    • a
    • Numer ISBN
    • 8311086435 Find
    • q
    • Dopowiedzenie
    • Bellona
040 -Instytucja sporządzająca opis [ , ]
    • a
    • Instytucja, która sporządziła opis (NP)
    • TOR U/AP
    • c
    • Instytucja, która sporządziła rekord (NP)
    • TOR U/AP
    • d
    • Instytucja, która zmodyfikowała rekord (P)
    • TOR U/AP
041 -Język dokumentu [0, ]
    • a
    • Język tekstu (P)
    • angielski
    • a
    • Język tekstu (P)
    • polski
942 -Rodzaj dokumentu [ , ]
    • c
    • Rodzaj dokumentu
    • Książka
100 -Hasło główne - nazwa osobowa [1, ]
    • a
    • Nazwa osobowa (NP)
    • Grzebieniowski, Tadeusz J.
    • d
    • Daty biograficzne (NP)
    • (1894-1973).
    • 9
    • KHW
    • 45555
245 -Strefa tytułu i oznaczenia odpowiedzialności [1,0]
    • a
    • Tytuł
    • Military dictionary English-Polish, Polish-English / Find
    • c
    • Pozostałe elementy strefy tytułu i oznaczenia odpowiedzialności (NP)
    • Tadeusz J. Grzebieniowski ; military terms by Andrzej Gałązka.
246 -Wariant tytułu [1,5]
    • a
    • Tytuł (NP)
    • Słownik wojskowy angielsko-polski, polsko-angielski
246 -Wariant tytułu [1,4]
    • a
    • Tytuł (NP)
    • English
260 -Strefa adresu wydawniczego [ , ]
    • a
    • Miejsce wydania (P)
    • Warszawa :
    • b
    • Nazwa wydawcy (P)
    • Bellona :
    • b
    • Nazwa wydawcy (P)
    • Przedsiębiorstwo Wydawnicze Harald G. Dictionaries,
    • c
    • Data wydania (P)
    • cop. 1996.
300 -Strefa opisu fizycznego [ , ]
    • a
    • Określenie formy książki i/lub objętość (NP)
    • 801, [15] s. ;
    • c
    • Format (NP)
    • 17 cm.
336 -Typ zawartości [ , ]
    • a
    • Termin opisujący typ zawartości
    • Tekst
    • b
    • Kod określający zawartość
    • txt
    • 2
    • Źródło (terminu i kodu)
    • rdacontent
337 -Typ mediów [ , ]
    • a
    • Tryb odtwarzania
    • Bez urządzenia pośredniczącego
    • b
    • Kod typu mediów
    • n
    • 2
    • Źródło (terminu i kodu)
    • rdamedia
338 -Typ/rodzaj nośnika [ , ]
    • a
    • Hasło opisujące typ nośnika
    • Wolumin
    • b
    • Kod typu nośnika
    • nc
    • 2
    • Źródło (terminu i kodu)
    • rdacarrier
080 -Uniwersalna Klasyfikacja Dziesiętna [ , ]
    • a
    • Symbol klasyfikacji
    • 802.0(038)=20=84
080 -Uniwersalna Klasyfikacja Dziesiętna [ , ]
    • a
    • Symbol klasyfikacji
    • :808.4(038)=20=84
080 -Uniwersalna Klasyfikacja Dziesiętna [ , ]
    • a
    • Symbol klasyfikacji
    • :355/359(038)=20=84
650 -Hasło przedmiotowe [ ,7]
    • a
    • Hasło przedmiotowe
    • Siły zbrojne
    • x
    • Określnik rzeczowy
    • słowniki angielskie.
    • 2
    • Źródło terminu
    • kaba
    • 9
    • KHW
    • 496220
650 -Hasło przedmiotowe [ ,7]
    • a
    • Hasło przedmiotowe
    • Siły zbrojne
    • v
    • Określnik formalny
    • słowniki polskie.
    • 2
    • Źródło terminu
    • kaba
    • 9
    • KHW
    • 496221
650 -Hasło przedmiotowe [ ,7]
    • a
    • Hasło przedmiotowe
    • Sztuka i nauka wojenna
    • v
    • Określnik formalny
    • słowniki angielskie.
    • 2
    • Źródło terminu
    • kaba
    • 9
    • KHW
    • 433951
650 -Hasło przedmiotowe [ ,7]
    • a
    • Hasło przedmiotowe
    • Sztuka i nauka wojenna
    • v
    • Określnik formalny
    • słowniki polskie.
    • 2
    • Źródło terminu
    • kaba
    • 9
    • KHW
    • 498708
980 -Symbol UKD [ , ]
    • a
    • UKD
    • 802.0:808.4:355/359](038)=20=84
700 -Hasło dodatkowe - nazwa osobowa [1, ]
    • a
    • Nazwa osobowa (NP)
    • Gałązka, Andrzej Find
    • c
    • Dopowiedzenie inne niż daty biograficzne (NP)
    • (lotnictwo).
    • 9
    • KHW
    • 491735
710 -Hasło dodatkowe - nazwa ciała zbiorowego [2, ]
    • a
    • Nazwa ciała zbiorowego lub nazwa geograficzna jako pierwszy element (NP)
    • Wydawnictwo Bellona (1990-1997).
    • 4
    • Kod relacji
    • pbl
    • 9
    • KHW
    • 60498
920 -ISBN [ , ]
    • a
    • ISBN
    • 83-86773-06-5 Find
    • q
    • Dopowiedzenie
    • Harald G. Dictionaries
920 -ISBN [ , ]
    • a
    • ISBN
    • 83-11-08643-5 Find
    • q
    • Dopowiedzenie
    • Bellona
Lokalizacja Data inwentaryzacji Status udost. Numer inwentarzowy Sygnatura
BM1997-07-081A.4825ANG. Słowniki dwujęzyczne 16
BM2020-01-22-3BC.13395